00362 a2200145 450000100060000002000060000604000220001210000220003424000360005624500310009230000060012336200090012944000230013865000550016154852 a  cAnchieta - Pituba aAndré e Gustavo10a1ª Ciências, II unidadelpor10a1ª Ciências, II unidade a80 a2016 1aColégio Anchieta 4aBIOLOGIA, CIÊNICAS DA VIDA (CIÊNCIAS NATURAIS)